Seguro de vida y derecho de sucesiones / (Record no. 147488)

MARC details
000 -LEADER
fixed length control field 00668cam a2200193 4500
008 - FIXED-LENGTH DATA ELEMENTS--GENERAL INFORMATION
fixed length control field 090427s2005 sp 000 0 spa u
020 ## - INTERNATIONAL STANDARD BOOK NUMBER
International Standard Book Number 8497725255
050 04 - LIBRARY OF CONGRESS CALL NUMBER
Classification number KKT762
Item number P56 2005
100 1# - MAIN ENTRY--PERSONAL NAME
Personal name Pino Acosta Mérida, María del
245 10 - TITLE STATEMENT
Title Seguro de vida y derecho de sucesiones /
Statement of responsibility, etc María del Pino Acosta Mérida
250 ## - EDITION STATEMENT
Edition statement 1a ed.
260 ## - PUBLICATION, DISTRIBUTION, ETC. (IMPRINT)
Place of publication, distribution, etc Madrid, España :
Name of publisher, distributor, etc Dykinson,
Date of publication, distribution, etc 2005
300 ## - PHYSICAL DESCRIPTION
Extent 372 páginas ;
Dimensions 21 cm.
440 #0 - SERIES STATEMENT/ADDED ENTRY--TITLE
Title Monografías de derecho civil ;
Number of part/section of a work V ;
Name of part/section of a work Derecho de sucesiones ;
Volume number/sequential designation No.4
504 ## - BIBLIOGRAPHY, ETC. NOTE
Bibliography, etc Bibliografía : páginas 357-372
650 #7 - SUBJECT ADDED ENTRY--TOPICAL TERM
Topical term or geographic name as entry element Derecho sucesorio
Geographic subdivision España
Source of heading or term Lemb
650 #7 - SUBJECT ADDED ENTRY--TOPICAL TERM
Topical term or geographic name as entry element Seguros de vida
Source of heading or term Lemb
942 ## - ADDED ENTRY ELEMENTS (KOHA)
Source of classification or shelving scheme Biblioteca del Cogreso de los Estados Unidos
Koha item type Libro
Holdings
Estado de pérdida Fuente de clasificación Estado del daño No para préstamo Ubicación permanente Ubicación actual Apartado o colección Fecha de adquisición Edición Dependencia de educación superior (DES) Área del conocimiento Total Checkouts Clasificación Código de Barras Date last seen Número de copia Costo por reposición Tipo de recurso
  Biblioteca del Cogreso de los Estados Unidos     Biblioteca de la Facultad de Derecho y Ciencias Sociales "Felipe J. Tena" Biblioteca de la Facultad de Derecho y Ciencias Sociales "Felipe J. Tena" General 24/05/2022 1a ed. Derecho Ciencias Sociales y Administrativas   KKT762 P56 2005 BFD000013146 24/05/2022 1 1.00 Libro